Architecture : (Record no. 19135)
[ view plain ]
| 000 -LEADER | |
|---|---|
| fixed length control field | 01000cam a22002771a 4500 |
| 001 - CONTROL NUMBER | |
| control field | 016774290 |
| 003 - CONTROL NUMBER IDENTIFIER | |
| control field | EG-ScBUE |
| 005 - DATE AND TIME OF LATEST TRANSACTION | |
| control field | 20221023104223.0 |
| 008 - FIXED-LENGTH DATA ELEMENTS--GENERAL INFORMATION | |
| fixed length control field | 140515t2014 enko f bd 001 0 eng d |
| 020 ## - INTERNATIONAL STANDARD BOOK NUMBER | |
| International Standard Book Number | 9780500291481 |
| 040 ## - CATALOGING SOURCE | |
| Original cataloging agency | StDuBDS |
| Language of cataloging | eng |
| Description conventions | rda |
| Transcribing agency | StDuBDS |
| Modifying agency | EG-ScBUE |
| 082 04 - DEWEY DECIMAL CLASSIFICATION NUMBER | |
| Classification number | 720.9 |
| Item number | ARC |
| Edition number | 22 |
| 245 00 - TITLE STATEMENT | |
| Title | Architecture : |
| Remainder of title | the whole story / |
| Statement of responsibility, etc | general editor Denna Jones ; foreword by Richard Rogers, Philip Gumuchdjian. |
| 264 #1 - PUBLICATION, DISTRIBUTION, ETC. (IMPRINT) | |
| Place of publication, distribution, etc | London : |
| Name of publisher, distributor, etc | Thames & Hudson Ltd, |
| Date of publication, distribution, etc | [2014] |
| 264 #4 - PUBLICATION, DISTRIBUTION, ETC. (IMPRINT) | |
| Date of publication, distribution, etc | c2014 |
| 300 ## - PHYSICAL DESCRIPTION | |
| Extent | 576 pages : |
| Other physical details | photographs ; |
| Dimensions | 25 cm |
| 500 ## - GENERAL NOTE | |
| General note | Includes glossary.<br/> |
| 504 ## - BIBLIOGRAPHY, ETC. NOTE | |
| Bibliography, etc | Includes bibliographical references and index.<br/> |
| 650 #7 - SUBJECT ADDED ENTRY--TOPICAL TERM | |
| Topical term or geographic name as entry element | Architecture |
| General subdivision | History. |
| Source of heading or term | BUEsh |
| 9 (RLIN) | 11236 |
| 653 ## - INDEX TERM--UNCONTROLLED | |
| Resource For college | Engineering, Architecture |
| Arrived date list | March2015 |
| 655 ## - INDEX TERM--GENRE/FORM | |
| Form subdivision | Reading book |
| 700 1# - ADDED ENTRY--PERSONAL NAME | |
| Personal name | Jones, Denna, |
| Relator term | editor. |
| 9 (RLIN) | 37532 |
| 700 1# - ADDED ENTRY--PERSONAL NAME | |
| Personal name | Rogers, Richard George, |
| Relator term | author of introduction, etc. |
| 9 (RLIN) | 37533 |
| 700 1# - ADDED ENTRY--PERSONAL NAME | |
| Personal name | Gumuchdjian, Philip, |
| Relator term | author of introduction, etc. |
| 9 (RLIN) | 37534 |
| 942 ## - ADDED ENTRY ELEMENTS (KOHA) | |
| Source of classification or shelving scheme | Dewey Decimal Classification |
| Call number prefix | 720.9 ARC |
| Koha item type | Book - Borrowing |
| Withdrawn status | Lost status | Source of classification or shelving scheme | Damaged status | Not for loan | Collection code | Home library | Current library | Shelving location | Date acquired | Source of acquisition | Cost, normal purchase price | Serial Enumeration / chronology | Total Checkouts | Total Renewals | Full call number | Barcode | Date last seen | Date checked out | Cost, replacement price | Price effective from | Koha item type |
|---|---|---|---|---|---|---|---|---|---|---|---|---|---|---|---|---|---|---|---|---|---|
| Dewey Decimal Classification | Alahram | Central Library | Central Library | Second Floor | 30/03/2015 | 229.00 | 323 | 4 | 86 | 720.9 ARC | 000037852 | 15/07/2025 | 22/09/2019 | 286.25 | 30/03/2015 | Book - Borrowing |